Государь | Рассуждения о первой декаде Тита Ливия (Запись № 3944187)

Подробности
000 -МАРКЕР
контрольное поле 02147nam0a2200385 4500
001 - ИДЕНТИФИКАТОР ЗАПИСИ
контрольное поле RU\NLR\bibl\1981472
005 - ИДЕНТИФИКАТОР ВЕРСИИ
контрольное поле 20260406155406.0
010 ## - МЕЖДУНАРОДНЫЙ СТАНДАРТНЫЙ НОМЕР КНИГИ (ISBN)
Номер (ISBN) 978-5-389-01929-4
Тираж 3000
021 ## - НОМЕР ГОСУДАРСТВЕННОЙ РЕГИСТРАЦИИ
Код страны Российская Федерация
Номер 2012-94860
Номер Листа государственной регистраци 7021
035 ## - ДРУГИЕ СИСТЕМНЫЕ НОМЕРА
Идентификатор записи (NLR Aleph) 001970144
100 ## - ДАННЫЕ ОБЩЕЙ ОБРАБОТКИ
Данные общей обработки 20121220d2013 |||y0rusy50 ca
101 1# - ЯЗЫК РЕСУРСА
Язык текста, звукозаписи и т.д. русский
Язык оригинала итальянский
102 ## - СТРАНА ПУБЛИКАЦИИ ИЛИ ПРОИЗВОДСТВА
Страна публикации Российская Федерация
105 ## - ПОЛЕ КОДИРОВАННЫХ ДАННЫХ: ТЕКСТОВЫЕ МАТЕРИАЛЫ, МОНОГРАФИЧЕСКИЕ
Кодированные данные о монографическом текстовом документе y |||||||||
200 1# - ЗАГЛАВИЕ И СВЕДЕНИЯ ОБ ОТВЕТСТВЕННОСТИ
Основное заглавие Государь
-- Рассуждения о первой декаде Тита Ливия
Сведения, относящиеся к заглавию [главы из работы]
Первые сведения об ответственности Никколо Макиавелли
Сведения, относящиеся к заглавию [пер. с ит. Галины Муравьевой, Руфа Хлодовского]
210 ## - ПУБЛИКАЦИЯ, РАСПРОСТРАНЕНИЕ И ДР.
Место издания, распространения и т.д. Санкт-Петербург [и др.]
Имя издателя, распространителя и т. д. Азбука [и др.]
Дата издания, распространения и т.д. 2013 [т.е. 2012]
215 ## - ФИЗИЧЕСКАЯ ХАРАКТЕРИСТИКА
Специфическое обозначение материала и объем 269, [2] с.
Размеры 18
300 ## - ОБЩИЕ ПРИМЕЧАНИЯ
Текст примечания Кн. фактически изд. в 2012 г.
604 ## - ИМЯ И ЗАГЛАВИЕ КАК ПРЕДМЕТ
Связываемые данные 700#1$aМакиавелли$gНикколо$f1469 - 1527
-- 50010$a"Государь"$2nlr_sh2$3RU\NLR\AUTH\661285572
Идентификатор авторитетной/нормативной записи RU\NLR\AUTH\661285572
Имя лица Макиавелли, Никколо (1469 - 1527)
Заглавие "Государь"
Системный номер авторитетной/нормативной записи 2130928
604 ## - ИМЯ И ЗАГЛАВИЕ КАК ПРЕДМЕТ
Связываемые данные 700#1$aМакиавелли$bН.$gНикколо$f1469 - 1527
-- 50010$a"Рассуждения о первой декаде Тита Ливия"$2nlr_sh2
-- 6891#$aШ5(0)353.1-4Ливий$3RU\NLR\AUTH\661590022
Идентификатор авторитетной/нормативной записи RU\NLR\AUTH\661590022
Имя лица Макиавелли, Никколо (1469 - 1527)
Заглавие "Рассуждения о первой декаде Тита Ливия"
Системный номер авторитетной/нормативной записи 2131635
606 1# - НАИМЕНОВАНИЕ ТЕМЫ КАК ПРЕДМЕТ
Наименование темы Политические учения
Тематический подзаголовок История
Географический подзаголовок Италия
Хронологический подзаголовок 15 - 16 вв.
Системный номер авторитетной/нормативной записи 1513907
Идентификатор авторитетной/нормативной записи RU\NLR\AUTH\66657413
606 1# - НАИМЕНОВАНИЕ ТЕМЫ КАК ПРЕДМЕТ
Наименование темы Политическая философия
Географический подзаголовок Италия
Хронологический подзаголовок 15 - 16 вв.
Системный номер авторитетной/нормативной записи 2101253
Идентификатор авторитетной/нормативной записи RU\NLR\AUTH\661574402
686 ## - ИНДЕКСЫ ДРУГИХ КЛАССИФИКАЦИЙ
Индекс Ш5(4Ит)43-4Макиавелли534
686 1# - ИНДЕКСЫ ДРУГИХ КЛАССИФИКАЦИЙ
Индекс Х1(4Ит)403
686 ## - ИНДЕКСЫ ДРУГИХ КЛАССИФИКАЦИЙ
Индекс Ю3(4Ит)43-401.7-0
700 #1 - ИМЯ ЛИЦА - ПЕРВИЧНАЯ ОТВЕТСТВЕННОСТЬ
Код отношения Автор
Графика поля Кириллица
Материалы, к которым относится поле rus
Начальный элемент ввода Макиавелли
Часть имени, кроме начального элемента ввода Н.
Даты 1469-1527
Расширение инициалов личного имени Никколо
Системный номер авторитетной/нормативной записи 117570
Идентификатор авторитетной/нормативной записи RU\NLR\auth\777637
801 #0 - ИСТОЧНИК ЗАПИСИ
Страна Российская Федерация
Организация NLR
Дата составления 20121220
Правила каталогизации RCR
801 #1 - ИСТОЧНИК ЗАПИСИ
Страна Российская Федерация
Организация NLR
Дата составления 20121220
830 ## - ОБЩЕЕ ПРИМЕЧАНИЕ, СОСТАВЛЕННОЕ КАТАЛОГИЗАТОРОМ
Текст примечания авт. по базе
942 ## - ДОПОЛНИТЕЛЬНЫЕ ЭЛЕМЕНТЫ ЗАПИСИ (АБИС)
Тип экземпляра АБИС Книга
980 ## - КОЛЛЕКЦИЯ
Название коллекции НБР
980 ## - КОЛЛЕКЦИЯ
Название коллекции Национальная библиография
Экземпляры
Тип экземпляра Дата поступления Источник поступления Библиотека постоянного хранения Библиотека текущего хранения Место хранения Шифр хранения Штрих-код Статус экземпляра
Книга 20.12.2012 Обязательный экземпляр РНБ (Московский) РНБ (Московский) Русский книжный фонд: издания с 1957 года 2012-3/38368 1-504226  
Книга 20.12.2012 Обязательный экземпляр РНБ (Московский) РНБ (Московский) Русский книжный фонд: издания с 1957 года 2012-3/38368 3794331